00574nam a22001697a 450000500170000000800410001702000180005804100080007608200160008410000190010024500800011925000080019926000420020730000230024965001090027270000230038120250416145237.0250410b |||||||| |||| 00| 0 eng d a9781637424346 aeng a658.804 TOW aTowner, Emil B aTechnical Marketing Communication: A Guide to Writing, Design, and Delivery a2nd aNew YorkbBusiness Expert Pressc2023 a143;. pages; 23 cm aCommunication of Technical Information; Technological Innovations; Marketing; Communication in Marketing aEverett, Heidi L.